[Event "Dortmund 46th"]
[Site "Dortmund"]
[Date "2018.07.22"]
[Round "7"]
[White "Kovalev, Vladislav"]
[Black "Kramnik, Vladimir"]
[Result "1/2-1/2"]
[WhiteElo "2655"]
[BlackElo "2792"]
[Annotator "Mekhitarian,K"]
[PlyCount "208"]
[EventDate "2018.07.14"]
[EventType "tourn"]
[EventRounds "7"]
[EventCountry "GER"]
[EventCategory "19"]
[SourceTitle "CBM 186"]
[Source "ChessBase"]
[SourceDate "2018.09.14"]
[SourceVersion "1"]
[SourceVersionDate "2018.09.14"]
[SourceQuality "1"]

1. e4 e5 2. Nf3 Nc6 3. d4 exd4 4. Bc4 Bc5 5. Ng5 {Back to the old days - This
is called the Sarratt Variation, that is located inside the Haxo Gambit,
itself located inside the Scotch Gambit! What a mix! Jacob Henry Sarratt was a
leading English player from the late 18th century and early 19th century, and
the first professional player to teach in England. He used this move in 1818
against an unknown player and quickly won the game. Sarratt was also known for
his studies in the Muzio Gambit (inside the King's Gambit).} Nh6 {This correct
defence was found only in 1837 by Mr. Ludwig Bledow.} (5... Ne5 $2 6. Nxf7 $1 (
6. Bxf7+ $6 {not the most precise} Nxf7 7. Nxf7 Bb4+ 8. c3 dxc3 9. bxc3 Bxc3+
$2 (9... Kxf7 $1 {time is much more important than a pawn in such positions}
10. cxb4 Nf6 $16) 10. Nxc3 Kxf7 11. Qd5+ Kf8 12. Ba3+ d6 13. e5 $18 {1-0 (31)
Cochrane,J-Deschapelles,A Paris 1821}) 6... Nxf7 7. Bxf7+ Kxf7 8. Qh5+ g6 9.
Qxc5 $16 {1-0 (9) Sarratt,J-NN London 1818. Although Black's position is
horrible, since there are dark-square weaknesses and the d4-pawn will fall,
there was no need to resign the game this early, as happened here.}) 6. Nxf7
Nxf7 7. Bxf7+ Kxf7 8. Qh5+ g6 9. Qxc5 {Now we have a position similar to the
one mentioned on the 5...Ne5 variation, but there is a big difference, Black
has a developed knight on c6, instead of g8, and that knight also defends the
d4-pawn. Black is doing ok here.} d5 (9... d6 $5 {Only here the aforementioned
Bledow game deviated, and with a fine move!} 10. Qc4+ Be6 11. Qe2 Ne5 $6 (11...
Re8 {would be more logical}) 12. b3 c5 13. f4 Bg4 14. Qb5 (14. Qf2 $1 $16 {
[%cal Ge1g1,Gf4f5]}) 14... Qh4+ 15. g3 Nf3+ 16. Kf2 Qe7 $13 {½-½ (40) Von
Heydebrand und der Lasa,T-Bledow,L Berlin 1837, with complex play}) 10. O-O (
10. exd5 $4 {is naturally very bad, White can't allow the very annoying} Re8+
11. Kd1 Re5 $19) 10... dxe4 11. c3 $1 {Trying to open up the position.} Re8 (
11... Qd6 $5 {is also very solid} 12. cxd4 Nxd4 13. Qxd6 cxd6 (13... Ne2+ $1
14. Kh1 cxd6 {(stopping Nc3)} 15. Be3 {(threatens Re1)} b6 $1 $11 {[%cal Rc8a6]
}) 14. Nc3 Re8 $2 (14... Bg4 $1 $132) 15. Bf4 (15. Be3 $1 $16) 15... Bd7 16.
Bxd6 Nb5 17. Nxb5 Bxb5 $11 {1/2-1/2 (69) Szalanczy,E (2420)-Molnar,L (2260)
Balatonbereny 1994}) 12. cxd4 {We are still following games from the 1800s!
Urusov played a different move here in 1853, which is also a good alternative:}
Nxd4 (12... Qxd4 $1 13. Qg5 Bf5 14. Bd2 Ne5 (14... Kg8 $1 {was already
perfectly fine for Black}) 15. Bc3 Qd6 16. Qh6 Ng4 $2 {this was a bit excessive
} (16... g5 $1 $15 {[%cal Gd6h6]}) 17. Qxh7+ Ke6 18. Na3 {[%cal Re8h8,Yc3h8]
Black doesn't have access to the h-file now} Re7 $1 19. Qh4 Rd8 $2 {a very bad
move} (19... g5 $1 {was needed} 20. Qg3 Qxg3 21. hxg3 Kf7 $132 {[%cal Re4e3]})
20. Nc4 Qc5 21. h3 $1 Nxf2 22. Rxf2 Rd5 23. g4 $18 {1-0 (28) Shumov,I-Urusov,D
St Petersburg 1853}) 13. Nc3 (13. Be3 $5 Ne2+ 14. Kh1 $44) 13... b6 14. Qc4+
Be6 15. Qa4 c5 (15... Qd7 $1 {was good enough for a small edge, but Kramnik
wanted more I guess.}) 16. Nxe4 Bd5 17. f3 Bxe4 18. fxe4+ Kg7 19. Qc4 Kh8 20.
b4 $1 {Trying to loosen the knight on d4 by attacking its faithful defender,
the c5-pawn.} Rxe4 21. Bb2 Qg8 22. Rf7 {The position remains complex, but it
is very scary to play as Black! with a bishop on b2.} Rf8 $1 23. Rxf8 Qxf8 24.
bxc5 bxc5 25. Rf1 Qe7 {[%csl Rc5] As long as c5 is defended, Black does not
have direct problems. It is important to remember that the white king is also
awkwardly placed.} 26. Qd5 Kg7 27. h3 g5 (27... Re2 {was possible, giving the
pawn back and soon agreeing to a draw after:} 28. Bxd4+ cxd4 29. Qxd4+ Kg8 {
[%cal Ge7e3]} 30. Kh1 Re1 $11) 28. Bc3 a6 29. Kh1 Kh6 30. Rb1 Nb5 $2 {Perhaps
Kramnik was still optimistic about being a pawn up, and blundered. I assume he
missed White's 33th move.} (30... Re6 {would lead to a draw after:} 31. Bxd4
cxd4 32. Qxd4 Re1+ 33. Rxe1 Qxe1+ 34. Kh2 $11) 31. Bf6 $1 {[%csl Re4]} Qxf6 32.
Qxe4 Nc3 {Apparently Black is in great shape here, since after the queen moves,
...Nxb1 happens and there is an additional c-pawn in the queen endgame, with
huge winning chances. But...} 33. Qf3 $1 {[%cal Rf6f3,Rf3f6] Probably Kramnik
missed this one, now there is a deadly intermmediate check on b6 after Black
exchanges the queens.} Qxf3 34. Rb6+ $1 Kh5 35. gxf3 $18 {White is winning
here, but he has to be precise. Luckily Black is able to take on a2, which
makes the task much harder.} Nxa2 36. Rc6 $1 {It is more important to take on
c5, the a-pawn will be harder to defend, since the knight likes to work better
with pawns closer to the centre.} Nb4 37. Rxc5 Nd3 38. Ra5 Kh4 39. Kh2 Nf4 40.
Rxa6 Kh5 {Black is very solid, and now White gradually starts the winning plan,
bringing his king to the centre.} (40... Nxh3 $4 41. Rh6#) 41. Rd6 Ne2 42. Rd2
Nf4 43. Kg3 Ng6 44. Rd7 h6 (44... Kh6 $2 {it is very awkward for the king to
stay here.} 45. Ra7 {[%cal Rg3g4]} Ne5 46. f4 $1 gxf4+ 47. Kxf4 Ng6+ 48. Kf5
Nh4+ 49. Kg4 Ng6 50. Ra6 Kg7 51. h4 $18 {[%cal Rh4h5] and White wins by slowly
suffocating his opponent.}) 45. Rf7 $1 {Stopping ...Nf4.} Ne5 (45... Nf4 $4 46.
Rxf4 gxf4+ 47. Kxf4 Kh4 48. Ke4 Kxh3 49. f4 Kg2 50. f5 h5 51. f6 h4 52. f7 h3
53. f8=Q h2 {the pawn reaches the 7th rank, but White's king is way too close
here, making this an easy win. For example:} 54. Qf3+ Kg1 55. Ke3 $1 h1=Q 56.
Qf2#) 46. Rf5 Ng6 47. Ra5 Nf4 48. h4 $1 {The only way to break through.} Ne2+
49. Kf2 Nf4 50. hxg5 hxg5 51. Ke3 Ng2+ 52. Kf2 {Kovalev played perfectly after
he won the exchange, but now he starts going astray.} (52. Ke4 $1 {was a
forcing win with the king invasion:} Kg6 (52... Kh4 53. Ra8 Nf4 54. Rh8+ Kg3
55. Rf8 {now the king can't move since White sacrifices on f4} Nh3 56. Ke3 Ng1
(56... Nf4 $2 {makes it all easier:} 57. Rxf4 $1 gxf4+ 58. Ke4 $18) 57. Rf7 Nh3
58. Rg7 {[%csl Rg5]} Kh4 59. Re7 Kg3 60. Re4 $1 {It is interesting to note
that the black knight has trouble finding squares.} Kg2 61. Rg4+ Kh2 62. Ke4
Kh1 63. Kf5 $18) 53. Ra6+ Kh5 54. Ra2 Nf4 55. Kf5 Ng6 56. Rh2+ Nh4+ 57. Ke4 Kg6
58. f4 $1 Kf6 59. f5 $1 Kf7 60. Rh1 Kf6 61. Rg1 $1 $18 {winning either the
g5-pawn or the knight.}) 52... Nf4 53. Ra8 $2 (53. Ke3 $1 {there was still
time to go back to the same position.}) 53... Kg6 $1 {Now the endgame is drawn,
and Kramnik doesn't give any chance to his opponent.} 54. Ke3 Ng2+ 55. Ke4 Nh4
$1 {This is the key, the black king stays on the 7th rank, and the visually
awkward knight on h4 controls the super important f5-square. White can't make
any progress!} 56. Ra6+ Kf7 57. Ra2 Kf6 58. Ra1 Ke6 59. Rh1 Ng6 60. Rh6 Kf6 61.
Rh7 Nh4 62. Ke3 Ng6 63. Ra7 Nh4 64. Ra6+ Kf5 65. Kf2 {Black has to watch out
for White's new plan to bring his king to g4 (after giving check in the 5th
rank). Kramnik reacts correctly:} Ng6 $1 {Now the knight is going to e5,
guarding the g4-square.} 66. Kg3 Ne5 {[%csl Rg4]} 67. Ra8 Ng6 68. Rg8 Ne5 69.
Rf8+ Ke6 70. Kf2 Ng6 71. Rb8 Kf5 72. Rb5+ Kf6 73. Ra5 Ne5 74. Ke2 Ng6 75. Ra6+
Kf5 76. Ke3 Nh4 $1 {Going back.} 77. Ra5+ Kf6 78. Ke4 Kg6 79. Ra1 Kf6 80. Rg1
Nf5 81. Rg2 Nh4 82. Rh2 Ng6 83. Rh5 Nf4 84. Rh8 Ng6 85. Rb8 Nh4 86. Rg8 Ng6 87.
Kd4 Kf5 88. Ke3 Kf6 89. Ke4 Kf7 90. Rb8 Nh4 91. Rc8 Kf6 92. Rc1 Ke6 93. Ke3 Kf5
94. Rc5+ Kf6 95. Rb5 Ng6 96. Ke4 Nh4 97. Rd5 Kg6 98. f4 gxf4 99. Kxf4 {Now we
reach a simple theoretical draw: rook vs knight} Kf7 100. Kg5 Nf3+ 101. Kf4 (
101. Kg4 {[%csl Rf3] apparently wins the knight in a few moves, but Black has
a simple tactical resource:} Ke6 $1 $11 {[%csl Rd5][%cal Rf3e5] followed by ...
Ne5.}) 101... Nh4 102. Kg5 Nf3+ 103. Kg4 Ke6 $1 104. Kxf3 Kxd5 1/2-1/2

[Event "Metz op 30th"]
[Site "Metz"]
[Date "2012.04.23"]
[Round "2"]
[White "Pap, Misa"]
[Black "Maiorov, Nikita"]
[Result "0-1"]
[WhiteElo "2501"]
[BlackElo "2552"]
[Annotator "Metz Alekhine/Primel,D"]
[PlyCount "53"]
[EventDate "2012.04.14"]
[EventType "swiss"]
[EventRounds "9"]
[EventCountry "FRA"]
[SourceTitle "EXT 2013"]
[Source "ChessBase"]
[SourceDate "2012.11.22"]
[SourceVersion "1"]
[SourceVersionDate "2012.11.22"]
[SourceQuality "1"]

1. e4 e5 2. Nf3 Nc6 3. d4 exd4 4. Bc4 Bc5 5. O-O (5. c3) 5... d6 6. c3 Bg4 7.
Qb3 Bxf3 8. Bxf7+ Kf8 9. gxf3 Nf6 10. Bc4 {Le GMI a rejoué la même variante
quelques mois plus tard mais toujours sans succés} Bb6 $146 (10... Qe8 11. Bf4
g5 12. Bg3 h5 $13 {Pap,M (2504)-Brkic,A (2569) BIH-chT 11th 2012 (5.3) 0-1})
11. cxd4 Nxd4 {65} 12. Qd1 $13 {[%csl Rf8,Rg1]} Nd7 {[%cal Gd8f6,Gd8h4] 46} 13.
f4 Qh4 14. Be3 Nf6 $1 {[%cal Gf6g4]} 15. f3 $8 (15. Bxd4 Ng4 (15... Bxd4 16.
Qxd4 Qg4+ {[%csl Rg1]}) 16. Kg2 Qxh2+ 17. Kf3 Qh3+ 18. Ke2 Re8 19. Nc3) 15...
Nc6 16. Bxb6 axb6 17. Qd2 Nh5 {[%csl Rf4]} 18. Qd5 Ke7 $3 19. Qf7+ Kd8 20. Be6
(20. Nc3 Nxf4 {[%cal Gh4g5,Gg5g2]} 21. Qxg7) 20... Ne7 {20} 21. Nc3 Qf6 (21...
Nxf4 22. Kh1 Nxe6 $17) 22. f5 Qxf7 23. Bxf7 Nf4 24. Rad1 Rf8 25. Bb3 g6 26. Kf2
Ra5 27. fxg6 {Suite illisible et gain Noir au 69ème coup} 0-1

[Event "Santa Monica"]
[Site "Santa Monica"]
[Date "2004.05.18"]
[Round "8"]
[White "Matikozian, Andranik"]
[Black "Mikhalevski, Victor"]
[Result "0-1"]
[WhiteElo "2467"]
[BlackElo "2550"]
[Annotator "Mikhalevski,V"]
[PlyCount "82"]
[EventDate "2004.05.11"]
[EventType "tourn"]
[EventRounds "9"]
[EventCountry "USA"]
[EventCategory "9"]
[SourceTitle "CBM 102"]
[Source "ChessBase"]
[SourceDate "2004.09.23"]
[SourceVersion "1"]
[SourceVersionDate "2004.09.23"]
[SourceQuality "1"]

{This game was played in the penultimate round of the Santa Monica
Invitational and my opponent needed to win to preserve chances for the GM-norm.
I have to say that I played the game with mixed feelings as Andranik is my
friend.} 1. e4 e5 2. Nf3 Nf6 {A fortunate choice. White decided to avoid the
main lines of Petroff and so couldn't hope to obtain any opening advantage.} 3.
d3 Nc6 4. c3 d5 5. Nbd2 {Suddenly we transposed into Pirc with opposite
colours.} g6 6. Be2 Bg7 7. O-O O-O ({Tricky Vasiukov prevented b4 with
immediate} 7... a5 {and after} 8. a4 O-O 9. Re1 b6 10. Bf1 Bb7 11. Qb3 h6 12.
exd5 Qxd5 13. Nc4 Rfe8 14. Qb5 Ba6 15. Qxd5 Nxd5 {1-0 Yukhtman,J-Vasiukov,E/
Tbilisi 1959/URS-ch (62). (61) obtained a good position.}) 8. Re1 {White
prepares a retreat of the light-squared bishop to f1.} ({Immediate} 8. b4 $5 {
deserved attention.} d4 $6 9. b5 (9. Bb2 $5) 9... Ne7 (9... dxc3 10. bxc6 cxd2
11. Bb2 $1 $14) 10. cxd4 exd4 11. Nb3 a6 12. bxa6 Rxa6 13. Bb2 $1 (13. Qc2 Nc6
{Rykalin-Sudakova, Chigorin memorial 2001.}) 13... Nxe4 14. dxe4 d3 15. Bxg7
dxe2 16. Qxe2 Kxg7 17. Nc5 Ra7 18. Rfd1 $16) (8. Qc2 h6 (8... a5 $5) 9. Re1 a5
(9... Be6 10. Bf1 Re8 11. b4 a6 $11 {0-1 Vicol,D-Voiteanu,G/Kishinev 2001/EXT
2002 (30)}) 10. Nf1 Be6 11. Ng3 Re8 12. Bd2 Qd7 {0-1 Aftsoglou,I-Skembris,S/
Kavala 1997/EXT 2001 (31) with a comfortable position for Black.}) 8... Re8 ({
Now playing} 8... a5 $5 {I could make White counterplay on the queenside more
difficult.} {Probably White would prepare b4 with} 9. b3 {followed by a3 and
Bb2.}) 9. b4 Nb8 $5 {A beginning of nonstandard manoeuvre. I've decided to
meet White's offensive on the queenside by simply moving my knight away from
an unfortunate square c6. The main drawback of this idea is certainly a waste
of time.} ({In case of} 9... a6 {White would play} 10. Bb2 {with the idea a4
followed by b5.}) (9... d4 {seems to only help White.} 10. Bb2 dxc3 11. Bxc3)
10. Bf1 (10. a4 $5) 10... c6 11. a4 {White's beginning to take some space on
the queenside.} Nbd7 (11... a5 $5 {looked like a logical way to stop White's
activity. However I decided not to play on the side where I'm worse...}) 12. a5
$1 {Black starts to experience lack of space.} Rb8 $1 {This way I want to
solve a problem of the light-squared bishop. My plan is b6 followed by Bb7.}
13. Qb3 b6 14. axb6 axb6 15. d4 $5 {An interesting idea which leads to big
complications. White wants to exploit weaknesses on c6 and f7.} (15. b5 $6 {
gives up the c5-square.} Nc5) 15... b5 $5 {I had to spend a lot of time
calculating 15...exd4; 15...de4; 15...Nxe4 and finally 15...Bb7, but then
decided to keep tension in the centre with this prophylactic move. I just
wanted to take control over the c4-square which is vital after 15...exd4.} (
15... exd4 16. cxd4 $1 (16. Nxd4 {yields nothing in view of simple} Bb7) {
Now Black has to choose between} 16... dxe4 ({and} 16... Nxe4 17. Nxe4 Rxe4 (
17... dxe4 18. Bc4 $5 (18. Ng5 $5 Rf8 19. Bc4)) 18. Rxe4 dxe4 19. Ng5 Qf8 20.
Nxf7 $1 {with the idea} Qxf7 $4 21. Bc4) 17. Ng5 Nd5 18. Ndxe4 $13 {In both
cases Black experiences problems with the f7-square.}) ({Also} 15... Bb7 16.
exd5 Nxd5 17. c4 Nc7 {seemed playable.}) {Also White decided to maintain
tension with} 16. Bb2 $5 (16. dxe5 $6 {Only helps Black to unpin his pieces.}
Nxe5) 16... exd4 (16... Qc7 $5 {would be a move in the direction of the
previous move, but I decided it's time to determine the centre as it's
difficult to calculate a lot of variations on every move.}) 17. Nxd4 ({Now
after} 17. cxd4 $6 dxe4 18. Ng5 Nd5 $15 {I don't have to worry neither of b5
nor of Bc4.}) 17... Bb7 $1 ({At the beginning I was calculating} 17... Ne5 18.
exd5 Nxd5 19. Rxe5 {and it wasn't easy to come to any conclusion.} ({Then I
had suddenly found} 19. Nxc6 {Although after} Nxc6 20. Rxe8+ Qxe8 21. Qxd5 Nxb4
{Black seems to equalize I decided to prefer a quiet 17... Bb7}) {For example}
19... Bxe5 20. Nxc6 Bxh2+ 21. Kh1 (21. Kxh2 Qc7+ 22. Kg1 Qxc6) 21... Qf6 (21...
Qd7 $5) 22. Qxd5 (22. Nxb8 Bxb8) 22... Bf4 {[%cal Gf6h4,Gc8b7]} (22... Bb7 23.
Kxh2 Bxc6 24. Qd4 $16) 23. Nf3 Bb7 24. Qd4 $1 {and thanks to this tactical
trick White keeps the decisive material advantage.}) 18. exd5 Nxd5 {
Surprisingly an almost symmetric position has been arised.} 19. c4 {An attempt
to complicate matters.} Nxb4 $1 ({In case of} 19... bxc4 20. Bxc4 {White's
pressurizing.}) 20. cxb5 (20. Qxb4 c5 21. Rxe8+ Qxe8 22. Qxb5 (22. Qb3 {
leads to an immediate draw-} bxc4 23. Qxc4 cxd4 24. Bxd4) 22... Bxg2 (22...
cxd4 23. Ra7 $140 Bc8)) 20... c5 21. Bc4 $1 ({Exchange of rooks favours Black
as he protects the f7-pawn.} 21. Rxe8+ Qxe8) 21... Rf8 $1 {Black needs this
rook to protect the f7-pawn.} (21... Qf6 $2 {was interesting trying to pin the
d4-knight, but complications turns out to be in White's favour.} 22. Nc6 $1
Qxb2 23. Bxf7+ Kh8 (23... Kf8 24. Nxb8 $1 (24. Bxe8 Qxb3 25. Nxb3 Rxe8 26.
Rxe8+ Kxe8 27. Re1+ Kf8 $13) 24... Qxb3 25. Rxe8+ $1 (25. Nxd7+ $5 Kxf7 26.
Nxb3 Bxa1 27. Rxe8 Kxe8 28. Ndxc5 $1) 25... Kxf7 26. Nxb3 Kxe8 27. Re1+ Ne5 (
27... Kd8 28. Nxd7 Kxd7 $140 29. Nxc5+ Kc7 30. Re7+) 28. Nxc5) 24. Bxe8 $1 (24.
Nxb8 Rxe1+ 25. Rxe1 Qxd2 $13) 24... Qxb3 25. Nxb3 Bxc6 26. bxc6 Ne5 27. Nxc5
Rxe8 28. c7 Rc8 29. Rad1 Nbc6 30. Ne6 {and White wins.}) (21... Ne5 {looked
dangerous in view of} 22. Rxe5 Rxe5 23. Bxf7+ Kf8 24. Bc4 $1) 22. Rad1 $5 {
White's tring to further complicate the position.} ({After} 22. N4f3 {the
position is about equal.}) 22... Ne5 $5 {I've decided to force matters.} ({
In case of} 22... cxd4 23. Qxb4 Ne5 24. Bf1 {Black may have problems with the
d-pawn.}) 23. Nf5 {White wants to damage the kingside pawn structure, but
misses my reply.} ({At the same time} 23. Ne6 {wins a pawn, but allows strong
counterplay.} fxe6 24. Bxe5 (24. Bxe6+ Kh8 $5 (24... Nf7 25. Ne4 $40) 25. Bxe5
{see 24.Bxe5.}) 24... Bxe5 $1 25. Bxe6+ Kh8 26. Rxe5 Qd4 $36 {[%cal Gb4d3]} 27.
Re3 Rbd8 {with an annoying pin along the d-file.}) 23... Qg5 $1 24. Qg3 $138 {
Starting from here a mutual time-pressure was the main factor.} (24. Ng3) 24...
Qxf5 {I wanted to forget about this dangerous knight and so I captured it
without hesitations.} ({Perhaps objectively better was} 24... Qxg3 25. hxg3
Nxc4 26. Ne7+ Kh8 27. Bxg7+ Kxg7 28. Nxc4 {with equality.}) 25. Bxe5 Bxe5 26.
Rxe5 Qc2 27. Qb3 (27. Bb3 {looks better.} Qd3 ({Of course not} 27... Qb2 $4 28.
Nc4 {and suddenly the queen is traped.}) 28. Rxc5 Rbd8 {and despite being a
pawn down the position remains unclear.}) 27... Rbd8 28. Re2 $2 {Too passive.}
({White doesn't run risks after} 28. Qxc2 Nxc2 29. Rxc5 $13 {Also he still has
to solve the problem of the pin along the d-file.}) 28... Qxb3 29. Bxb3 Bd5 $1
{Now White has to be careful to keep an equality.} 30. Rb1 Bxb3 31. Nxb3 c4 $1
32. Nc5 $2 {After this mistake Black's advantage is becoming decisive!} (32.
Re4 $1 {was necessary} Nc2 33. Na5 Na3 34. Rc1 c3 (34... Nxb5 35. Nxc4 $11) 35.
b6 $1 c2 36. b7 {and the white b-pawn is not less dangerous then black passer
on the c-file.}) 32... c3 $1 {The c-pawn is very dangerous.} 33. Rc1 c2 34. Kf1
Rd5 $1 {This important intermediate move decides the game.} 35. Na6 Rd1+ 36.
Re1 Rxe1+ $1 ({A theoretically winning endgame arises after} 36... Rfd8 $5 37.
Nxb4 Rxc1 38. Rxc1 Rd1+ 39. Ke2 Rxc1 40. Kd3 Rb1 41. Nxc2 Rxb5) 37. Rxe1 $2 {
Loses on the spot.} ({After the only} 37. Kxe1 Nd3+ 38. Kd2 Nxc1 39. Kxc1 {
Black would still have to show some technique on the way to the win.} Ra8 40.
Kxc2 Kf8 41. Kc3 Ke7 42. Kb4 Kd6 {and eventually Black should win.}) 37... Nd3
$19 38. Ra1 Ra8 $1 {The simplest, at least in the time trouble.} (38... Rc8 $5
{also wins} 39. b6 c1=Q+ 40. Rxc1 Rxc1+ 41. Ke2 Nc5 42. Kd2 Rc4 $19) ({Also
Fritzy} 38... c1=Q+ $5 {is sufficient for a win.} 39. Rxc1 Nxc1 40. b6 Rd8 41.
g3 Rd7 42. Nc5 Rd6 43. b7 Rb6) 39. Ke2 c1=Q 40. Rxc1 Nxc1+ 41. Ke3 Nb3 0-1